000 00500nam a2200181Ia 4500
001 18735
005 20260306171652.0
008 260306s9999||||xx |||||||||||||| ||und||
041 _aESP
082 _a658.5
_bC93A
100 _aCuatrecasas Arbós, Lluís
_eAUT
245 0 _aOrganización de la producción y dirección de operaciones:
_bsistemas actuales de gestión eficiente y competitiva
260 _c2011
300 _a
_c
650 _aGEN
654 _aCAN
942 _cLIB
_dJUS
_fJUS
_2ddc
_n
999 _c18735
_d18735